01345nam a2200337 i 4500001000500000005001700005007000300022008004100025020001800066040003500084041000800119082002100127100005300148245010200201250002200303264009800325300006300423336002700486337003300513338002800546490003200574521003800606545005800644650004900702650005100751650005700802650006000859650006100919942001200980999001500992900920250801162556.0ta201118s2018 ck abo er 000 0dspa d a9789588852546 aCO-BoRNBPbspaerdacCO-BoRNBP0 aspa04a739.22bF14l2221 aFalchetti de Sáenz, Ana Maríaeautora96187113aLo humano y lo divino bmetalurgia y cosmogonía en la América antiguacAna María Falchetti  aPrimera edición 1aBogotábInstituto Colombiano de Antropología e HistoriaIbUniversidad de los Andes c2018 a318 páginasbilustraciones, fotografías, mapasc24 cm  2rdacontentatextobtxt 2rdamediaasin mediaciónbn 2rdacarrieravolumenbnc0 aArqueología y Patrimonio  aRecomendado para público adulto aIncluye datos biográficos de la autora en la solapa172LEMBaMetalurgiaxHistoriazAmérica961872172LEMBaOrfebreríaxHistoriazAmérica961873172LEMBaArte y mitologíaxHistoriazAmérica961874172LEMBaImágenes e ídolosxHistoriazAmérica961875172LEMBaMitología indígenaxHistoriazAmérica961876 2ddccBK c9009d9009